• 首页
  • 本馆介绍
  • 公告通知
  • 最新文献
  • 馆藏检索
  • 电子资源
  • 读者导购
  • 参考咨询
  • 我的图书馆
  • 登录
  • 详细信息显示
  • 放入我的书架
  • 预约/预借图书
  • 作者相关作品
  • 分类相关作品
  • 丛书相关作品
  • 出版社相关作品

书目信息

  • 表格格式
  • 工作单格式
  • 卡片格式
题名:
遥感与地理信息系统集成
    
 
作者: 翁齐浩 著 ;李培军 , 杜世宏 中文导读
分册:  
出版信息: 北京   科学出版社  2011.9
页数: 51, 397页, [16] 页图版
开本: 24cm
丛书名:
单 册:
中图分类: P208 , TP7
科图分类:
主题词: 地理信息系统--研究 , 遥感技术--研究
电子资源:
ISBN: 978-7-03-032327-9
000 01415nam0 2200337 45
001 512
005 20120604093253.03
010    @a978-7-03-032327-9@dCNY79.00
100    @a20120328d2011 em y0chiy0121 ea
101 0  @achi@aeng
102    @aCN@b110000
105    @aacf a 001yy
106    @ar
200 1  @a遥感与地理信息系统集成@AYao Gan Yu Di Li Xin Xi Xi Tong Ji Cheng@e理论、方法与应用@ELi Lun、 Fang Fa Yu Ying Yong@f翁齐浩著@FWeng Qi Hao Zhu@g杜世宏, 李培军中文导读
210    @a北京@c科学出版社@d2011.9
215    @a51, 397页, [16] 页图版@c图 (部分彩图), 肖像@d24cm
306    @a本授权双语版由麦格劳-希尔 (亚洲) 教育出版公司和科学出版社合作出版
312    @a英文并列题名取自版权页
314    @a责任者规范汉译姓名: 翁齐浩
320    @a有书目和索引
330    @a本书阐述了遥感与GIS融合三个相互关联的问题: 理论、方法与应用。本书首先介绍了遥感与GIS融合的各种不同的理论, 尤其关注融合的层次、途径和模型, 进而探讨将遥感与GIS数据和技术集成使用的可行的方法, 并在此基础上从概念和技术层面对当前面临的主要难题和可能解决方案进行了分析。
517 1  @a理论、方法与应用@ALi Lun、 Fang Fa Yu Ying Yong
606 0  @a地理信息系统@x研究
606 0  @a遥感技术@x研究
690    @aP208@v5
690    @aTP7@v5
701  0 @a翁齐浩@AWeng Qi Hao@4著
702  0 @a李培军@ALi Pei Jun@4中文导读
702  0 @a杜世宏@ADu Shi Hong@4中文导读
801  0 @aCN@bTSTCL@c20120328
905    @b0813832-38@dP208@e189@f7
    
    遥感与地理信息系统集成:理论、方法与应用/翁齐浩著/杜世宏, 李培军中文导读.-北京:科学出版社,2011.9
    51, 397页, [16] 页图版:图 (部分彩图), 肖像;24cm
    
    
    ISBN 978-7-03-032327-9:CNY79.00
    本书阐述了遥感与GIS融合三个相互关联的问题: 理论、方法与应用。本书首先介绍了遥感与GIS融合的各种不同的理论, 尤其关注融合的层次、途径和模型, 进而探讨将遥感与GIS数据和技术集成使用的可行的方法, 并在此基础上从概念和技术层面对当前面临的主要难题和可能解决方案进行了分析。
●
相关链接 在E读中查询图书 在五车中查询图书 在当当中查询图书 在豆瓣中查询图书


正题名:遥感与地理信息系统集成     索取号:P208/189         预约/预借

序号 登录号 条形码 馆藏地/架位号 状态 备注
1 0813832   208138326   第二样本阅览室/ [索取号:P208/189] 在馆    
2 0813833   208138335   第三借阅区/ [索取号:P208/189] 在馆    
3 0813834   208138344   第三借阅区/ [索取号:P208/189] 在馆    
4 0813835   208138353   第三借阅区/ [索取号:P208/189] 在馆    
5 0813836   208138362   第三借阅区/ [索取号:P208/189] 在馆    
6 0813837   208138371   第三借阅区/ [索取号:P208/189] 在馆    
7 0813838   208138380   第三借阅区/ [索取号:P208/189] 在馆    
唐山师范学院图书馆 欢迎您!
大连网信软件有限公司© 版权所有